You will be able to garden by the end of this book / (Record no. 1859)

MARC details
000 -LEADER
fixed length control field 02695cam a22003977i 4500
001 - CONTROL NUMBER
control field data
005 - DATE AND TIME OF LATEST TRANSACTION
control field 20260322212121.0
008 - FIXED-LENGTH DATA ELEMENTS--GENERAL INFORMATION
fixed length control field data
035 ## - SYSTEM CONTROL NUMBER
System control number 23713365
010 ## - LIBRARY OF CONGRESS CONTROL NUMBER
LC control number 2024402366
020 ## - INTERNATIONAL STANDARD BOOK NUMBER
International Standard Book Number 9781784728403
Qualifying information (hardback)
020 ## - INTERNATIONAL STANDARD BOOK NUMBER
Canceled/invalid ISBN 9781784728410
Qualifying information (ePub ebook)
035 ## - SYSTEM CONTROL NUMBER
System control number (OCoLC)1370606436
040 ## - CATALOGING SOURCE
Original cataloging agency UKMGB
Language of cataloging eng
Description conventions rda
Transcribing agency UKMGB
Modifying agency DLC
-- VP@
-- NZAUC
-- OCLCO
-- DLC
042 ## - AUTHENTICATION CODE
Authentication code lccopycat
050 00 - LIBRARY OF CONGRESS CALL NUMBER
Classification number SB453
Item number .A55 2023
082 04 - DEWEY DECIMAL CLASSIFICATION NUMBER
Classification number 635
Edition information 23
100 1# - MAIN ENTRY--PERSONAL NAME
Personal name Akeroyd, Simon,
Relator term author.
245 10 - TITLE STATEMENT
Title You will be able to garden by the end of this book /
Statement of responsibility, etc. Simon Akeroyd.
264 #1 - PRODUCTION, PUBLICATION, DISTRIBUTION, MANUFACTURE, AND COPYRIGHT NOTICE
Place of production, publication, distribution, manufacture London :
Name of producer, publisher, distributor, manufacturer Mitchell Beazley,
Date of production, publication, distribution, manufacture, or copyright notice 2023.
300 ## - PHYSICAL DESCRIPTION
Extent 224 pages :
Other physical details illustrations ;
Dimensions 26 cm
336 ## - CONTENT TYPE
Content type term text
Content type code txt
Source rdacontent
337 ## - MEDIA TYPE
Media type term unmediated
Media type code n
Source rdamedia
338 ## - CARRIER TYPE
Carrier type term volume
Carrier type code nc
Source rdacarrier
500 ## - GENERAL NOTE
General note Published in association with the Royal Horticultural Society.
505 0# - FORMATTED CONTENTS NOTE
Formatted contents note Introduction -- Basics -- How does your garden grow? -- Garden design -- Right plant, right place -- How to plant and establish a garden -- Plant maintenance -- Container gardening -- Fruit and veg to try -- Lawns -- Water features -- Plants for free -- Tackling pests and diseases.
520 ## - SUMMARY, ETC.
Summary, etc. "The title might sound like a bold statement, but you really will be able to garden by the end of this book. Whether you are a budding botanist or just aspire to have greener fingers, this book will hold your 'horticultural hand' and guide you gently through the principles of gardening. Whether you have a tiny courtyard or something a bit bigger, this book will share everything you need to know to create your own patch of horticultural heaven. With 12 easy-to-follow chapters that explore all the basics of successful, stress-free gardening including assessing and designing your garden, how to grow fruit and vegetables, plant maintenance, propagation, lawns and container garden. The 15 step-by-step techniques will teach you how to sow seeds, prune shrubs, cut a hedge, mow a lawn and even how to design your own outside space, plus so much more. Just as important, the book explains how to garden sustainably and encourage wildlife, so that you can make informed decisions when it comes to creating and maintaining your garden"--Publisher's description.
650 #0 - SUBJECT ADDED ENTRY--TOPICAL TERM
Topical term or geographic name entry element Gardening.
650 #7 - SUBJECT ADDED ENTRY--TOPICAL TERM
Topical term or geographic name entry element gardening.
Source of heading or term aat
650 #7 - SUBJECT ADDED ENTRY--TOPICAL TERM
Topical term or geographic name entry element Gardening
Source of heading or term fast
710 2# - ADDED ENTRY--CORPORATE NAME
Corporate name or jurisdiction name as entry element Royal Horticultural Society (Great Britain)
776 08 - ADDITIONAL PHYSICAL FORM ENTRY
Relationship information ebook version :
International Standard Book Number 9781784728410
906 ## - LOCAL DATA ELEMENT F, LDF (RLIN)
a 7
b cbc
c copycat
d 2
e ncip
f 20
g y-gencatlg
925 0# -
-- acquire
-- 1 shelf copy
-- policy default
Holdings
Withdrawn status Lost status Damaged status Not for loan Home library Current library Shelving location Date acquired Total checkouts Full call number Barcode Date last seen Price effective from Koha item type
        Centerville Centerville General stacks 22/03/2026   635 LOC-CPL-00027 22/03/2026 22/03/2026 Books